| 000 | 00602nam a2200205 i 4500 | ||
|---|---|---|---|
| 001 | 125610 | ||
| 003 | ES-MaACL | ||
| 005 | 20230906192650.0 | ||
| 007 | t| | ||
| 008 | 070620s1959 sp ||||1| spa d | ||
| 100 | 1 |
_aZilahy, Lajos. _9118252 |
|
| 245 | 1 | 3 |
_aEl alma se apaga / _cLajos Zilahy ; [versión castellana de F. Oliver Brachfeld]. |
| 260 |
_aBarcelona : _bEd. G. P., _c[1959] ( _fGráf. Guada) |
||
| 300 |
_a192 p. ; _c17 cm. |
||
| 490 | 1 | _aLibros Plaza | |
| 700 | 1 |
_aOliver Brachfeld, F. _986832 |
|
| 830 | 0 |
_aLibros Plaza _9181449 |
|
| 852 |
_aES-MaACL _jC-18785 |
||
| 999 |
_c125610 _d125610 |
||